Communications : 200 years / (Record no. 8202)

MARC details
000 -LEADER
fixed length control field 00855nam a22002177a 4500
001 - CONTROL NUMBER
control field 8202
003 - CONTROL NUMBER IDENTIFIER
control field FISKH
005 - DATE AND TIME OF LATEST TRANSACTION
control field 20250902104327.0
008 - FIXED-LENGTH DATA ELEMENTS--GENERAL INFORMATION
fixed length control field 250902b cb ||||| |||| 00| 0 eng d
040 ## - CATALOGING SOURCE
Original cataloging agency FISKH
Language of cataloging eng
Transcribing agency FISKH
Modifying agency FISKH
050 ## - LIBRARY OF CONGRESS CALL NUMBER
Classification number P90.B296
082 ## - DEWEY DECIMAL CLASSIFICATION NUMBER
Classification number 302.2
100 ## - MAIN ENTRY--PERSONAL NAME
Personal name Bosworth, Michal
245 ## - TITLE STATEMENT
Title Communications : 200 years /
Statement of responsibility, etc. Michal Bosworth ; illustrations Penny Walton
260 ## - PUBLICATION, DISTRIBUTION, ETC.
Place of publication, distribution, etc. Melbourne :
Name of publisher, distributor, etc. Methuen Australia,
Date of publication, distribution, etc. 1983.
300 ## - PHYSICAL DESCRIPTION
Extent 24 pages :
Other physical details color illustrations ;
Dimensions 20 cm
520 ## - SUMMARY, ETC.
Summary, etc. In sixty-one this daring youth commenced his wild career; with a heart that knew no danger, no horseman did he fear. he held the Beechworth mailcoach up, and robbed Judge Macoboy, who trembled and gave up all his gold to the wild colonial boy.
700 ## - ADDED ENTRY--PERSONAL NAME
Personal name Walton, Penny
Relator term illustrator
942 ## - ADDED ENTRY ELEMENTS (KOHA)
Source of classification or shelving scheme Dewey Decimal Classification
Koha item type Books
Suppress in OPAC No
Holdings
Withdrawn status Lost status Source of classification or shelving scheme Damaged status Not for loan Collection Home library Current library Shelving location Date acquired Total Checkouts Full call number Barcode Date last seen Copy number Price effective from Koha item type
    Dewey Decimal Classification     Khmer-English Bilingual / ភាសាខ្មែរ-អង់គ្លេស Footprints International School Library Network Toul Kork Campus Footprints International School Library Network Toul Kork Campus A TK Campus, 4th Floor, Room B401, Non-Fiction Bookcases(7-8) 09/02/2025   BOS 302.2 P90.B296 FISTKG5B061 09/02/2025 1 09/02/2025 Books